[Event "Novosibirsk-ch sf"]
[Site "Novosibirsk"]
[Date "2008.01.13"]
[Round "1"]
[White "Krasnov, Yury A"]
[Black "Ikonnikov, Vladimir"]
[Result "1-0"]
[WhiteElo "2146"]
[BlackElo "1838"]
[PlyCount "97"]
[EventDate "2008.01.13"]
[EventType "swiss"]
[EventRounds "9"]
[EventCountry "RUS"]
[SourceTitle "EXT 2010"]
[Source "ChessBase"]
[SourceDate "2010.11.25"]
[SourceVersion "1"]
[SourceVersionDate "2010.11.25"]
[SourceQuality "1"]

1. e4 e6 2. d4 d5 3. Nd2 dxe4 4. Nxe4 Nf6 5. Bd3 b6 6. Nf3 Bb7 7. Qe2 Nxe4 8. Bxe4 Bxe4 9. Qxe4 Qd5 10. Qxd5 exd5 11. Bf4 Na6 12. 0-0-0 0-0-0 13. Rhe1 f6 14. Re6 Kd7 15. Rde1 Nb4 16. a3 Nc6 17. g4 Be7 18. Rxc6 Kxc6 19. Rxe7 Rd7 20. Re6+ Kb5 21. b3 Rf8 22. a4+ Ka6 23. Ne1 Rff7 24. Nd3 Kb7 25. Nb4 Rfe7 26. Rxe7 Rxe7 27. Be3 c6 28. Kd2 Rf7 29. Nd3 a5 30. c4 dxc4 31. bxc4 g5 32. f4 h6 33. f5 Rh7 34. Nf2 h5 35. Kd3 hxg4 36. Nxg4 Rf7 37. d5 cxd5 38. cxd5 Rh7 39. Nxf6 Rxh2 40. d6 Rh8 41. Bxg5 Kc6 42. d7 Kc7 43. Ke4 Rh1 44. Bf4+ Kd8 45. Kd5 Rh4 46. Bd6 Rxa4 47. Ke6 Rd4 48. Be7+ Kc7 49. Ne8+ 1-0

[Event "Novosibirsk CC-ch"]
[Site "Novosibirsk"]
[Date "2007.01.14"]
[Round "1"]
[White "Yakushev, Nikolai"]
[Black "Ikonnikov, Vladimir"]
[Result "1-0"]
[WhiteElo "2220"]
[BlackElo "1911"]
[PlyCount "61"]
[EventDate "2007.01.14"]
[EventType "swiss"]
[EventRounds "11"]
[EventCountry "RUS"]
[SourceTitle "EXT 2010"]
[Source "ChessBase"]
[SourceDate "2010.11.25"]
[SourceVersion "1"]
[SourceVersionDate "2010.11.25"]
[SourceQuality "1"]

1. d4 d5 2. c4 Nf6 3. Nf3 e6 4. Nc3 c6 5. Bg5 Be7 6. e3 Nbd7 7. Rc1 0-0 8. cxd5 exd5 9. Bd3 Re8 10. 0-0 Nf8 11. Qc2 Ng4 12. Bxe7 Qxe7 13. Rfe1 Be6 14. e4 dxe4 15. Rxe4 Rac8 16. Rce1 Nf6 17. Rh4 h6 18. g4 N6h7 19. Re5 Qf6 20. Bf5 Ng6 21. Ne4 Qd8 22. Bxg6 fxg6 23. g5 h5 24. Nd6 Rf8 25. Qxg6 Bg4 26. Rxg4 hxg4 27. Qe6+ Kh8 28. Nh4 Nxg5 29. Ng6+ Kh7 30. Nxf8+ Qxf8 31. Rxg5 1-0